Human development : (Record no. 23739)
[ view plain ]
| 000 -LEADER | |
|---|---|
| fixed length control field | 00691nam a2200217 a 4500 |
| 003 - CONTROL NUMBER IDENTIFIER | |
| control field | PILC |
| 005 - DATE AND TIME OF LATEST TRANSACTION | |
| control field | 20160222140040.0 |
| 008 - FIXED-LENGTH DATA ELEMENTS--GENERAL INFORMATION | |
| fixed length control field | 091207s19uu xx 00 eng d |
| 020 ## - INTERNATIONAL STANDARD BOOK NUMBER | |
| International Standard Book Number | 9780495600770 |
| 050 ## - LIBRARY OF CONGRESS CALL NUMBER | |
| Classification number | BF 713 |
| Item number | .K13 2010 |
| 100 ## - MAIN ENTRY--PERSONAL NAME | |
| Personal name | Kail, Robert V. |
| 245 ## - TITLE STATEMENT | |
| Title | Human development : |
| Remainder of title | a life-span view / |
| Statement of responsibility, etc | Robert V. Kail, John C. Cavanaugh. |
| 250 ## - EDITION STATEMENT | |
| Edition statement | 5th edition. |
| 260 ## - PUBLICATION, DISTRIBUTION, ETC. (IMPRINT) | |
| Place of publication, distribution, etc | Australia : |
| Name of publisher, distributor, etc | Wadsworth Cengage Learning, |
| Date of publication, distribution, etc | 2010. |
| 300 ## - PHYSICAL DESCRIPTION | |
| Extent | 735 pages : |
| Other physical details | color illustrations ; |
| Dimensions | 28 cm. |
| 500 ## - GENERAL NOTE | |
| General note | Includes glossary, bibliographical references and index. |
| 650 ## - SUBJECT ADDED ENTRY--TOPICAL TERM | |
| Topical term or geographic name as entry element | Human development. |
| 700 ## - ADDED ENTRY--PERSONAL NAME | |
| Personal name | Cavanaugh, John C. |
| 942 ## - ADDED ENTRY ELEMENTS (KOHA) | |
| Koha item type | Books |
| Source of classification or shelving scheme | Library of Congress Classification |
| Call number prefix | Foreign |
| Withdrawn status | Lost status | Source of classification or shelving scheme | Damaged status | Home library | Current library | Shelving location | Date acquired | Source of acquisition | Cost, normal purchase price | Total Checkouts | Full call number | Barcode | Date last seen | Copy number | Price effective from | Koha item type |
|---|---|---|---|---|---|---|---|---|---|---|---|---|---|---|---|---|
| Library of Congress Classification | College Library | College Library | General Circulation Section | 12/07/2009 | Donation | 4400.00 | BF 713 .K13 2010 | C10848 | 05/15/2018 | 1 | 10/18/2013 | Books |